Los principios de la ética social : (Record no. 46454)
[ view plain ]
| 000 -CABECERA | |
|---|---|
| campo de control de longitud fija | 00748nam a2200193 a 4500 |
| 005 - FECHA Y HORA DE LA ÚLTIMA TRANSACCIÓN | |
| campo de control | 20230527063613.0 |
| 008 - ELEMENTOS DE LONGITUD FIJA--INFORMACIÓN GENERAL | |
| campo de control de longitud fija | 991125n1943 mx 000 0 spa u |
| 035 ## - NÚMERO DE CONTROL DEL SISTEMA | |
| Número de control de sistema | UPN01000046454 |
| 049 ## - COLECCIÓN | |
| Colección | CG |
| 050 #4 - SIGNATURA TOPOGRÁFICA DE LA BIBLIOTECA DEL CONGRESO | |
| Número de clasificación | HM216 |
| Número de documento/Ítem | L3.6 1943 |
| 100 1# - ASIENTO PRINCIPAL--NOMBRE PERSONAL | |
| Nombre de persona | Larroyo, Francisco, |
| Fechas asociadas al nombre | 1912-1981 |
| 9 (RLIN) | 28491 |
| 245 14 - MENCIÓN DE TÍTULO | |
| Título | Los principios de la ética social : |
| Resto del título | conceptos, axiología, vigencia y realización de la moralidad / |
| Mención de responsabilidad, etc. | Francisco Larroyo. |
| 260 ## - PUBLICACIÓN, DISTRIBUCIÓN, ETC. | |
| Lugar de publicación, distribución, etc. | México : |
| Nombre del editor, distribuidor, etc. | Porrúa, |
| Fecha de publicación, distribución, etc. | 1943. |
| 300 ## - DESCRIPCIÓN FÍSICA | |
| Extensión | 285 p. |
| 500 ## - NOTA GENERAL | |
| Nota general | "Para uso de las escuelas Preparatorias y Normales de la República, de acuerdo con el programa vigente de la Universidad Nacional Autónoma de México" |
| 650 #4 - ASIENTO SECUNDARIO DE MATERIA - TERMINO TEMATICO | |
| Término de materia o nombre geográfico como elemento de entrada | Conducta de vida |
| 9 (RLIN) | 4416 |
| 650 #7 - ASIENTO SECUNDARIO DE MATERIA - TERMINO TEMATICO | |
| Término de materia o nombre geográfico como elemento de entrada | Ética social |
| Fuente del encabezamiento o término | |
| 9 (RLIN) | 9124 |
| 905 ## - TIPO DE MATERIAL | |
| Tipo de material | Libro |
| Estado de retiro | Estado de pérdida | Fuente del sistema de clasificación o colocación | Estado dañado | No para préstamo | Código de colección | Localización permanente | Ubicación/localización actual | Ubicación en estantería | Total de préstamos | Clasificación | Código de barras | Fecha visto por última vez | Número de copia | Tipo de ítem Koha |
|---|---|---|---|---|---|---|---|---|---|---|---|---|---|---|
| Library of Congress Classification | Colección General | Bib. Gregorio Torres Quintero | Bib. Gregorio Torres Quintero | Planta baja | HM216 L3.6 1943 | 11919 | 31/12/2020 | 1 | Libro |
